000 02231nam a22003977a 4500
999 _c8095
_d8095
005 20200203163923.0
008 140117b2013 ck ||||| ||||o00| 0 spa d
040 _aCO-BoIAVH
_cCO-BoIAVH
041 0 _aspa
044 _ack
082 0 4 _a320.12
_bC76m2
245 0 0 _aMinería en Colombia :
_binstitucionalidad y territorio, paradojas y conflictos /
_cLuis Jorge Garay ..[et al.]
250 _av. 2
260 _aBogotá :
_bContraloría General de la República,
_c2013.
300 _a338 p.
_bil., tablas, mapas
_c25 cm.
500 _aVOLUMEN 2
504 _aIncluye referencias bibliográficas e índice.
505 _aCap. 1 La paradoja minera y el desarrollo. Análisis departamental y municipal para el caso de Colombia (pag. 27)
505 _aCap. 2 Economía política, fallas en regulación e institucionalidad ambiental en Colombia: Casos de estudio (pag 85)
505 _aCap. 3 La conflictividad por el territorio, el control de los RNNR y la renta minera. El choque de la locomotoras mineras en Colombia (pag. 143)
505 _aCap. 4 Una aproximación sintética sobre impactos ambientales de la minería no legal (pag. 193)
505 _aCap. 5 Implicaciones de la minería del carbón en el ambiente y la salud humana: una aproximación abreviada al estado del arte (229)
505 _aCap. 6 Extracción minera y consulta previa a pueblos indígenas y tribales: compilación y análisis de estándares internacionales (pag. 253)
505 _aCap. 7 Consulta previa: consideraciones constitucionales - perspectiva nacional (pag. 281)
650 1 4 _aGeopolítica
_zColombia
_9102544
650 2 4 _aTerritorio nacional
_zColombia
_9102545
650 2 4 _aPolítica minera
_zColombia
_9102546
650 2 4 _aEconomía política
_zColombia
_9102547
650 2 4 _aDerecho minero
_xLegislación
_zColombia
_9102548
650 2 4 _aImpacto ambiental
_zColombia
_9102549
700 1 _aGaray-Salamanca, Luis Jorge
_eDir. Proyecto
_9102550
700 1 _aRudas-Lleras, Guillermo
_eEd.
_9102551
700 1 _aEspitia-Zamora, Jorge Enrique
_eEd-
_9102552
856 _uhttp://redjusticiaambientalcolombia.files.wordpress.com/2014/01/mineria-en-colombia-contraloria-vol-ii.pdf
942 _2ddc
_cImpreso
_05